| 000 | 00382nam a2200145Ia 4500 | ||
|---|---|---|---|
| 008 | 240624s9999 xx 000 0 und d | ||
| 041 | _aeng | ||
| 082 | _a657.3 PAL | ||
| 100 | _aPALEPU KRISHNA G | ||
| 245 | _aBUSINESS ANALYSIS AND VALUATION USEING F | ||
| 250 | _a(3rd ed.) | ||
| 260 |
_c2009 _aAustralia _bCengage Learning |
||
| 300 | _axiv, : 450 : p. : cm. ; 24 | ||
| 365 | _cRS | ||
| 999 |
_c20418 _d20418 |
||